000
002320000a22000970004500
100
1
_a
Anderson, G. W.
245
1
0
_a
P.H.A. de Boer
300
_a
Vol. 40, Num. 1 (Enero, 1990), Páginas 1-3
773
0
_t
Vetus Testamentum
942
_c
ANA
999
_c
57605
_d
57605